Aquaculture: Genetics and Genomics/ (Record no. 757213)
[ view plain ]
| 000 -LEADER | |
|---|---|
| fixed length control field | 00380nam a22001337a 4500 |
| 020 ## - INTERNATIONAL STANDARD BOOK NUMBER | |
| ISBN | 978-1-64740-529-8 |
| 082 ## - DEWEY DECIMAL CLASSIFICATION NUMBER | |
| Classification number | 639.3044PHI/A |
| 245 ## - TITLE STATEMENT | |
| Title | Aquaculture: Genetics and Genomics/ |
| Statement of responsibility, etc | ed by Christine Phillips |
| 260 ## - PUBLICATION, DISTRIBUTION, ETC. (IMPRINT) | |
| Place of publication | .-NewYork |
| Name of publisher | :Syrawood Publishing House |
| Year of publication | ,2025 |
| 300 ## - PHYSICAL DESCRIPTION | |
| Number of Pages | 234p |
| 700 ## - ADDED ENTRY--PERSONAL NAME | |
| Personal name | Phillip,Christine (ed) |
| 942 ## - ADDED ENTRY ELEMENTS (KOHA) | |
| Source of classification or shelving scheme | Dewey Decimal Classification |
| Koha item type | Book |
| Withdrawn status | Lost status | Source of classification or shelving scheme | Damaged status | Not for loan | Home Library | Current Location | Shelving location | Date acquired | Source of acquisition | Full call number | Accession Number | Price effective from | Koha item type |
|---|---|---|---|---|---|---|---|---|---|---|---|---|---|
| Dewey Decimal Classification | Dept. of Aquatic Biology and Fisheries | Dept. of Aquatic Biology and Fisheries | Reference | 26/02/2026 | 275/1/2026 | 639.3044PHI/A | AQU6632 | 04/03/2026 | Book |
